| 000 | 00455nam a2200181Ia 4500 | ||
|---|---|---|---|
| 005 | 20250423094939.0 | ||
| 008 | 250422s9999 xx 000 0 und d | ||
| 020 | _a9789351117209 | ||
| 050 | _aHD 49 .S56/ | ||
| 100 | _aSingh, Chandrama | ||
| 245 | 0 | _aCrisis Management : challenges and responses | |
| 260 | _aNew Delhi | ||
| 260 | _bRandom Publications | ||
| 260 | _c2015 | ||
| 300 | _a312 p | ||
| 650 | _a Crisis management. | ||
| 942 | _cBK | ||
| 999 |
_c28776 _d28776 |
||